<?xml version="1.0" encoding="UTF-8"?>
<record
    xmlns:xsi="http://www.w3.org/2001/XMLSchema-instance"
    xsi:schemaLocation="http://www.loc.gov/MARC21/slim http://www.loc.gov/standards/marcxml/schema/MARC21slim.xsd"
    xmlns="http://www.loc.gov/MARC21/slim">

  <leader>00306nam a2200097Ia 4500</leader>
  <controlfield tag="001">798395</controlfield>
  <controlfield tag="005">20250826170826.0</controlfield>
  <controlfield tag="008">250824s9999    xx            000 0 und d</controlfield>
  <datafield tag="245" ind1=" " ind2="0">
    <subfield code="a">OSMANLI TAR&#x130;H&#x130; ERTU&#x11E;RUL BEY,OSMAN BEY, ORHAN BEY VE 1. MURAT D&#xD6;NEMLER&#x130;</subfield>
    <subfield code="c">ZEHRA AYG&#xDC;L</subfield>
  </datafield>
  <datafield tag="260" ind1=" " ind2=" ">
    <subfield code="b">U&#x11E;UR B&#xD6;CE&#x11E;&#x130; YAYINLARI</subfield>
  </datafield>
  <datafield tag="999" ind1=" " ind2=" ">
    <subfield code="c">798395</subfield>
    <subfield code="d">798395</subfield>
  </datafield>
</record>
